00938cam a2200241Ma 450000500170000000800410001702000180005803500210007604000500009704100130014710000210016024501070018126000400028830000690032849000320039750400530042965000300048265000280051265000400054065100310058070000310061176500540064220160722100922.0160722s2004 sp bo fr 001 0 spa d a9788408053101 a(OCoLC)803840315 aCO-BoUCMbspacSandra PalaciodSandra Palacio1 aspaheng1 aJackson, Gabriel10aCivilización y barbarie en la Europa del siglo XX cGabriel Jackson ; traducción de Carmen Aguilar aBarcelona (España)bPlanetac2004 a463 páginas, [24] páginas de làminasbmapas, fotografías0 aPlaneta historia y sociedad aIncluye referencias bibliográficas e índices07aCultura europeaySiglo XX 7aCivilización zEuropa 7aHistoria moderna ySiglo XXzEuropa 4aEuropaxHistoriaySiglo XX1 aAguilar, Carmenetraductor1 tCivilization and barbarity in 20th century Europe